Statistics for States with Most Traffic Related Deaths

Click here to take the quiz!

General Stats

  • This quiz has been taken 25 times
  • The average score is 8 of 10

Answer Stats

HintAnswer% Correct
3,074California
100%
1,039New York
100%
2,494Florida
95%
3,538Texas
95%
1,164Georgia
85%
1,006Ohio
75%
924Michigan
70%
1,195Pennsylvania
70%
962Tennessee
55%
1,284North Carolina
50%

Score Distribution

Percentile by Number Answered

Percent of People with Each Score

Your Score History

You have not taken this quiz